American Car & Truck Brands - Statistics

General Stats
  • This quiz has been taken 330 times
  • The average score is 13 of 42
Answer Stats
Hint Answer % Correct
Mustang Ford
99%
Challenger Dodge
86%
Wrangler Jeep
86%
Camaro Chevy
80%
Sierra GMC
73%
Escalade Cadillac
72%
Model 3 Tesla
67%
Navigator Lincoln
57%
Firebird Pontiac
51%
Encore Buick
50%
300 Chrysler
48%
ProMaster RAM
42%
H1 Alpha Hummer
35%
Gremlin AMC
31%
Prowler Plymouth
30%
Grand Marquis Mercury
27%
442 Oldsmobile
25%
Sky Saturn
25%
389 Peterbilt
23%
Granite Mack
22%
Venom Hennessey
21%
MXT International
21%
C500 Kenworth
21%
Cascadia Freightliner
20%
R1T Rivian
20%
S7 Saleen
18%
Air Lucid
17%
Karma Fisker
16%
Revero GT Karma
13%
5700 Western Star
13%
Tuatara SSC
12%
Summit Eagle
10%
MT900 Mosler
10%
W8 Vector
9%
Beast X Rezvani
8%
FF 91 Faraday Future
6%
Abruzzi Panoz
6%
Force 1 V10 VLF
6%
Nemesis Trion
5%
GTE Drako
4%
Endurance Lordstown
4%
Q1 Rossion
4%
No matching quizzes found
Score Distribution
Percent of People with Each Score
Percentile by Number Answered
Your Score History
You have not taken this quiz